Планирование физического эксперимента на вибрационном гидравлическом стенде; Интеграция науки, образования и производства – основа реализации Плана нации (Сагиновские чтения №12); Ч. 2

Podrobná bibliografie
Parent link:Интеграция науки, образования и производства – основа реализации Плана нации (Сагиновские чтения №12): труды Международной научно-практической online конференции, 18-19 Июня 2020 г., г. Караганда/ Карагандинский государственный технический университет (КарГТУ).— , 2020
Ч. 2.— 2020.— [С. 347-349]
Korporativní autor: Национальный исследовательский Томский политехнический университет Инженерная школа неразрушающего контроля и безопасности Отделение контроля и диагностики
Další autoři: Мухаметжанов С. А. Сергей Александрович, Мойзес Б. Б. Борис Борисович, Гаврилин А. Н. Алексей Николаевич, Рябчевская С. С. Светлана Сергеевна, Баранова В. Д. Виктория Денисовна
Shrnutí:Заглавие с экрана
Jazyk:ruština
Vydáno: 2020
Témata:
On-line přístup:https://www.kstu.kz/wp-content/uploads/2020/08/Sbornik-chast-2-2020-1.pdf#page=347
Médium: MixedMaterials Elektronický zdroj Kapitola
KOHA link:https://koha.lib.tpu.ru/cgi-bin/koha/opac-detail.pl?biblionumber=662683

MARC

LEADER 00000naa0a2200000 4500
001 662683
005 20250812134404.0
035 |a (RuTPU)RU\TPU\network\33838 
035 |a RU\TPU\network\33808 
090 |a 662683 
100 |a 20200923d2020 k y0rusy50 ca 
101 0 |a rus 
102 |a RU 
135 |a drcn ---uucaa 
181 0 |a i  
182 0 |a b 
200 1 |a Планирование физического эксперимента на вибрационном гидравлическом стенде  |f С. А. Мухаметжанов, Б. Б. Мойзес, А. Н. Гаврилин [и др.] 
203 |a Текст  |c электронный 
300 |a Заглавие с экрана 
320 |a [Библиогр.: с. 348-349 (10 назв.)] 
461 |t Интеграция науки, образования и производства – основа реализации Плана нации (Сагиновские чтения №12)   |o труды Международной научно-практической online конференции, 18-19 Июня 2020 г., г. Караганда  |o в 2 ч.  |f Карагандинский государственный технический университет (КарГТУ)  |d 2020 
463 |t Ч. 2  |v [С. 347-349]  |d 2020 
610 1 |a электронный ресурс 
610 1 |a труды учёных ТПУ 
610 1 |a гидравлические стенды 
610 1 |a физические эксперименты 
701 1 |a Мухаметжанов  |b С. А.  |g Сергей Александрович 
701 1 |a Мойзес  |b Б. Б.  |c специалист в области машиностроения  |c доцент Томского политехнического университета, кандидат технических наук  |f 1975-  |g Борис Борисович  |3 (RuTPU)RU\TPU\pers\26722  |9 12380 
701 1 |a Гаврилин  |b А. Н.  |c специалист в области машиностроения  |c доцент Томского политехнического университета, кандидат технических наук  |f 1960-  |g Алексей Николаевич  |3 (RuTPU)RU\TPU\pers\28206  |9 13160 
701 1 |a Рябчевская  |b С. С.  |g Светлана Сергеевна 
701 1 |a Баранова  |b В. Д.  |g Виктория Денисовна 
712 0 2 |a Национальный исследовательский Томский политехнический университет  |b Инженерная школа неразрушающего контроля и безопасности  |b Отделение контроля и диагностики  |3 (RuTPU)RU\TPU\col\23584 
801 2 |a RU  |b 63413507  |c 20200923  |g RCR 
856 4 |u https://www.kstu.kz/wp-content/uploads/2020/08/Sbornik-chast-2-2020-1.pdf#page=347 
942 |c CF